Principles and Application of Electrical Engineering (Record no. 2800)

MARC details
005 - DATE AND TIME OF LATEST TRANSACTION
control field 20250621110815.0
020 ## - INTERNATIONAL STANDARD BOOK NUMBER
International Standard Book Number 0-256-26116-4
082 ## - DEWEY DECIMAL CLASSIFICATION NUMBER
Classification number LM 621.3 RIZ
100 ## - MAIN ENTRY--PERSONAL NAME
Author name RIZZONI, G.
245 ## - TITLE STATEMENT
Title Principles and Application of Electrical Engineering
250 ## - EDITION STATEMENT
Edition statement 3rd Ed.
260 ## - PUBLICATION, DISTRIBUTION, ETC.
Place of publication, distribution, etc. Boston,
Name of publisher, distributor, etc. McGraw-Hill ,
Date of publication, distribution, etc. 2000.
300 ## - PHYSICAL DESCRIPTION
Extent xv, 976p.: ill.; figure, picture, table,
Other physical details Index,
Dimensions 27cm.
856 ## - ELECTRONIC LOCATION AND ACCESS
Link text Access Book Online
Electronic name Principles and Application of Electrical Engineering
Path www.mhhe,com
942 ## - ADDED ENTRY ELEMENTS (KOHA)
Source of classification or shelving scheme Dewey Decimal Classification
Koha item type Books
Holdings
Date last seen Total checkouts Full call number Barcode Cost, replacement price Price effective from Koha item type Lost status Source of classification or shelving scheme Damaged status Not for loan Withdrawn status Home library Current library Shelving location Date acquired Cost, normal purchase price
05/28/2025   LM 621.3 RIZ 0000008227 135000.00 05/28/2025 Books   Dewey Decimal Classification       College of Business Education Main Library College of Business Education Main Library General Collection 01/19/2005 45000.00
05/28/2025   LM 621.3 RIZ 0000008228 135000.00 05/28/2025 Books   Dewey Decimal Classification       College of Business Education Main Library College of Business Education Main Library General Collection 01/19/2005 45000.00
05/28/2025   LM 621.3 RIZ 0000008229 135000.00 05/28/2025 Books   Dewey Decimal Classification       College of Business Education Main Library College of Business Education Main Library General Collection 01/19/2005 45000.00